[Event "Titled Tuesday intern op 05th Sep Early"]
[Site "Chess.com INT"]
[Date "2023.09.05"]
[Round "6"]
[White "Souza, Adwilhans Luciano"]
[Black "Antonio, Jorge Carlos"]
[Result "0-1"]
[WhiteElo "2254"]
[BlackElo "2277"]
[PlyCount "58"]
[EventDate "2023.09.05"]
[EventType "swiss (blitz)"]
[EventRounds "11"]
[EventCountry "USA"]
[SourceTitle "EXT 2024"]
[Source "ChessBase"]
[SourceDate "2023.10.10"]
[SourceVersion "1"]
[SourceVersionDate "2023.10.10"]
[SourceQuality "1"]

1. e4 e5 2. Nf3 Nc6 3. Bb5 f5 4. Bxc6 dxc6 5. Nc3 Nf6 6. Qe2 Bd6 7. d3 f4 8. h3 0-0 9. Bd2 a6 10. Rd1 b5 11. a3 Be6 12. 0-0 Qd7 13. Kh2 h6 14. Bxf4 exf4 15. e5 Rae8 16. exf6 Bxh3 17. Ne4 Bxg2 18. Kxg2 Qg4+ 19. Kh1 Qh3+ 20. Kg1 Qg4+ 21. Kh1 Re5 22. Nxe5 Qxe2 23. f7+ Rxf7 24. Nxf7 Kxf7 25. Nxd6+ cxd6 26. c4 Qh5+ 27. Kg2 Qg4+ 28. Kh2 f3 29. Rg1 Qh4# 0-1

[Event "Titled Tuesday intern op 13th Jun Late"]
[Site "Chess.com INT"]
[Date "2023.06.13"]
[Round "1"]
[White "Dobrowolski, Piotr"]
[Black "Souza, Adwilhans Luciano"]
[Result "1-0"]
[WhiteElo "2417"]
[BlackElo "2329"]
[PlyCount "95"]
[EventDate "2023.06.13"]
[EventType "swiss (blitz)"]
[EventRounds "11"]
[EventCountry "USA"]
[SourceTitle "EXT 2024"]
[Source "ChessBase"]
[SourceDate "2023.10.10"]
[SourceVersion "1"]
[SourceVersionDate "2023.10.10"]
[SourceQuality "1"]

1. e4 e5 2. Nf3 Nc6 3. Bb5 f5 4. d3 fxe4 5. dxe4 Nf6 6. 0-0 Bc5 7. Bxc6 bxc6 8. Nxe5 0-0 9. Nc3 d5 10. Nxc6 Qe8 11. exd5 Ng4 12. Nd4 Nxh2 13. Kxh2 Qe5+ 14. f4 Qxd4 15. Qxd4 Bxd4 16. Nb5 Bb6 17. c4 Bf5 18. Re1 Rae8 19. Bd2 Bd3 20. b3 a6 21. Nc3 Bd4 22. Rxe8 Rxe8 23. Re1 Rxe1 24. Bxe1 Bxc3 25. Bxc3 Bb1 26. c5 Kf7 27. a3 Ba2 28. d6 cxd6 29. cxd6 Bxb3 30. Bxg7 Be6 31. Bc3 Kg6 32. Kg3 Kf5 33. Kf3 h5 34. g3 Bd7 35. Ke3 Kg4 36. Be1 Kf5 37. Kd4 Bb5 38. Kc5 Ke6 39. Bb4 Bd3 40. Kb6 Kd7 41. f5 Bxf5 42. Kxa6 Kc6 43. Ka7 Bc2 44. Kb8 Bf5 45. a4 Bg4 46. a5 Kb5 47. Kc7 Kxb4 48. a6 1-0

[Event "Titled Tuesday intern op 13th Jun Early"]
[Site "Chess.com INT"]
[Date "2023.06.13"]
[Round "10"]
[White "Souza, Adwilhans Luciano"]
[Black "Simonovic, Miroslav"]
[Result "1-0"]
[WhiteElo "2254"]
[BlackElo "2082"]
[PlyCount "103"]
[EventDate "2023.06.13"]
[EventType "swiss (blitz)"]
[EventRounds "11"]
[EventCountry "USA"]
[SourceTitle "EXT 2024"]
[Source "ChessBase"]
[SourceDate "2023.10.10"]
[SourceVersion "1"]
[SourceVersionDate "2023.10.10"]
[SourceQuality "1"]

1. e4 c5 2. Nf3 Nc6 3. Bb5 g6 4. 0-0 Bg7 5. c3 e5 6. d3 Nge7 7. Nbd2 0-0 8. Re1 h6 9. Nf1 a6 10. Ba4 b5 11. Bc2 d5 12. Qe2 d4 13. h3 Be6 14. Bd2 Qd6 15. Red1 Rad8 16. Ng3 Kh7 17. Be1 f5 18. exf5 gxf5 19. Nh5 Bh8 20. a4 b4 21. cxb4 cxb4 22. Rac1 Ng6 23. Bb1 Bd5 24. Bd2 e4 25. dxe4 fxe4 26. Bxe4 Rde8 27. Ng3 Nce5 28. Nxe5 Qxe5 29. Bxg6+ Kxg6 30. Qxa6+ Re6 31. Qd3+ Be4 32. Nxe4 Qxe4 33. Qxe4+ Rxe4 34. Bxb4 Rb8 35. Rc6+ Kh7 36. Ba3 Re2 37. a5 Rbxb2 38. Bxb2 Rxb2 39. a6 Ra2 40. Rc7+ Bg7 41. a7 Kg6 42. Rb1 Be5 43. Rd7 Kf5 44. g3 d3 45. Rxd3 Rxa7 46. Rb5 Ke4 47. Re3+ Kd4 48. Rbxe5 Ra1+ 49. Kg2 h5 50. R5e4+ Kd5 51. Rh4 Kd6 52. Rxh5 1-0

[Event "Titled Tuesday intern op 13th Jun Early"]
[Site "Chess.com INT"]
[Date "2023.06.13"]
[Round "11"]
[White "Vifleemskaia, Svetlana"]
[Black "Souza, Adwilhans Luciano"]
[Result "0-1"]
[WhiteElo "1971"]
[BlackElo "2254"]
[PlyCount "106"]
[EventDate "2023.06.13"]
[EventType "swiss (blitz)"]
[EventRounds "11"]
[EventCountry "USA"]
[SourceTitle "EXT 2024"]
[Source "ChessBase"]
[SourceDate "2023.10.10"]
[SourceVersion "1"]
[SourceVersionDate "2023.10.10"]
[SourceQuality "1"]

1. d4 Nf6 2. c4 c5 3. d5 b5 4. Qc2 d6 5. e4 g6 6. b3 Bg7 7. Bb2 0-0 8. Nd2 Na6 9. a3 bxc4 10. bxc4 Rb8 11. Bc3 Nc7 12. Ngf3 e6 13. Bd3 exd5 14. exd5 Re8+ 15. Kf1 Ng4 16. h3 Ne5 17. Nxe5 Bxe5 18. Nf3 Bxc3 19. Qxc3 Bd7 20. g3 Qc8 21. Kg2 Na8 22. Qf6 Ba4 23. Qxd6 Nb6 24. Rhe1 Rd8 25. Qe5 Bb3 26. Rac1 Qa6 27. Ng5 Rf8 28. Ne4 Nd7 29. Qc7 Ba4 30. Nxc5 Nxc5 31. Qxc5 Rbc8 32. Qd4 Bd7 33. c5 Qxa3 34. c6 Be8 35. Be4 Rd8 36. Red1 Qd6 37. Bf3 f5 38. c7 Rc8 39. Qc5 Qxc5 40. Rxc5 Bd7 41. d6 Rfe8 42. Bd5+ Kg7 43. Ra5 Kf6 44. f4 Re2+ 45. Kf3 Rc2 46. Rxa7 Rc3+ 47. Kf2 g5 48. fxg5+ Kxg5 49. Rd2 f4 50. gxf4+ Kxf4 51. Bg2 Rf8 52. Kg1 Rg8 53. Kh2 Rcg3 0-1

[Event "Titled Tuesday intern op 30th May Late"]
[Site "Chess.com INT"]
[Date "2023.05.30"]
[Round "4"]
[White "Kubicka, Anna"]
[Black "Souza, Adwilhans Luciano"]
[Result "0-1"]
[WhiteElo "2240"]
[BlackElo "2329"]
[PlyCount "38"]
[EventDate "2023.05.30"]
[EventType "swiss (blitz)"]
[EventRounds "11"]
[EventCountry "USA"]
[SourceTitle "CBM 214 Extra"]
[Source "ChessBase"]
[SourceDate "2023.07.31"]
[SourceVersion "1"]
[SourceVersionDate "2023.07.31"]
[SourceQuality "1"]

1. e4 e5 2. Nf3 Nc6 3. Bb5 f5 4. Nc3 fxe4 5. Nxe4 d5 6. Nxe5 dxe4 7. Qh5+ g6 8. Nxg6 hxg6 9. Qxh8 Qf6 10. Qxg8 Be6 11. Bxc6+ bxc6 12. Qh7 0-0-0 13. g3 Bc5 14. d4 Bxd4 15. 0-0 Rh8 16. Qxh8+ Qxh8 17. c3 Bb6 18. Be3 Bh3 19. Bxb6 Bxf1 0-1

[Event "Titled Tuesday intern op 30th May Late"]
[Site "Chess.com INT"]
[Date "2023.05.30"]
[Round "3"]
[White "Souza, Adwilhans Luciano"]
[Black "Aggelis, Nikolaos"]
[Result "1/2-1/2"]
[WhiteElo "2329"]
[BlackElo "2270"]
[PlyCount "124"]
[EventDate "2023.05.30"]
[EventType "swiss (blitz)"]
[EventRounds "11"]
[EventCountry "USA"]
[SourceTitle "CBM 214 Extra"]
[Source "ChessBase"]
[SourceDate "2023.07.31"]
[SourceVersion "1"]
[SourceVersionDate "2023.07.31"]
[SourceQuality "1"]

1. e4 c6 2. d4 d5 3. Nc3 dxe4 4. Nxe4 Nf6 5. Nxf6+ exf6 6. Be2 Bd6 7. Bf3 0-0 8. Ne2 Qc7 9. g3 Bh3 10. c4 Re8 11. Be3 Bb4+ 12. Bd2 Bxd2+ 13. Qxd2 Nd7 14. 0-0-0 Rad8 15. Qf4 Qa5 16. Nc3 Nb6 17. d5 Qc5 18. dxc6 bxc6 19. Rxd8 Rxd8 20. Rd1 Rxd1+ 21. Nxd1 g5 22. Qxf6 Qxc4+ 23. Kd2 Qb4+ 24. Qc3 Qd6+ 25. Kc1 Nd5 26. Qd2 h6 27. Nc3 Be6 28. Qd4 a5 29. a3 Qd8 30. Ne4 Bf5 31. Nc5 Qe7 32. Be4 Bxe4 33. Nxe4 f5 34. Nd2 Kh7 35. Kd1 Qb7 36. Kc2 Qe7 37. Qd3 Kg6 38. Nc4 Qc5 39. Kd1 Qe7 40. g4 Qe6 41. gxf5+ Qxf5 42. Ne5+ Kf6 43. Qxf5+ Kxf5 44. Nxc6 a4 45. b3 axb3 46. a4 Ke4 47. Kc1 Kf3 48. a5 Nc7 49. Nb4 Kxf2 50. a6 Nxa6 51. Nxa6 Kg2 52. Nc5 Kxh2 53. Nxb3 g4 54. Nd4 g3 55. Nf3+ Kh1 56. Kd2 g2 57. Ke3 h5 58. Kf2 h4 59. Ng1 Kh2 60. Nf3+ Kh1 61. Ng1 Kh2 62. Nf3+ Kh1 1/2-1/2

[Event "Titled Tuesday intern op 30th May Late"]
[Site "Chess.com INT"]
[Date "2023.05.30"]
[Round "5"]
[White "Souza, Adwilhans Luciano"]
[Black "Eugene, Floryan"]
[Result "0-1"]
[WhiteElo "2329"]
[BlackElo "2388"]
[PlyCount "80"]
[EventDate "2023.05.30"]
[EventType "swiss (blitz)"]
[EventRounds "11"]
[EventCountry "USA"]
[SourceTitle "CBM 214 Extra"]
[Source "ChessBase"]
[SourceDate "2023.07.31"]
[SourceVersion "1"]
[SourceVersionDate "2023.07.31"]
[SourceQuality "1"]

1. e4 c5 2. Nf3 Nc6 3. d4 cxd4 4. Nxd4 e5 5. Nb5 Nf6 6. N1c3 h6 7. Nd5 Nxd5 8. exd5 a6 9. dxc6 axb5 10. cxd7+ Bxd7 11. Be2 Be7 12. 0-0 Bc6 13. Be3 0-0 14. a3 Qc7 15. Qe1 f5 16. f3 Bd6 17. Qc3 e4 18. f4 b4 19. Qb3+ Kh7 20. a4 Ra5 21. g3 Bd5 22. c4 bxc3 23. Qxc3 Qxc3 24. bxc3 Rc8 25. Bd4 Bc5 26. Rfb1 Bxd4+ 27. cxd4 Rc2 28. Bb5 e3 29. Bd3 Rg2+ 30. Kf1 Rxh2 31. Bxf5+ g6 32. Bd3 Bf3 33. Ke1 Rh1+ 34. Bf1 e2 35. Kf2 exf1Q+ 36. Rxf1 Rxf1+ 37. Rxf1 Bc6 38. g4 Rxa4 39. Ke3 Ra3+ 40. Kd2 Rf3 0-1

[Event "Titled Tuesday intern op 09th May Late"]
[Site "Chess.com INT"]
[Date "2023.05.09"]
[Round "4"]
[White "Martin Fuentes, Alberto"]
[Black "Souza, Adwilhans Luciano"]
[Result "0-1"]
[WhiteElo "2388"]
[BlackElo "2329"]
[PlyCount "122"]
[EventDate "2023.05.09"]
[EventType "swiss (blitz)"]
[EventRounds "11"]
[EventCountry "USA"]
[SourceTitle "CBM 214 Extra"]
[Source "ChessBase"]
[SourceDate "2023.07.31"]
[SourceVersion "1"]
[SourceVersionDate "2023.07.31"]
[SourceQuality "1"]

1. e4 e5 2. Nf3 Nc6 3. d4 exd4 4. Bc4 Nf6 5. 0-0 Bc5 6. e5 d5 7. exf6 dxc4 8. fxg7 Rg8 9. Bg5 Be7 10. Bxe7 Kxe7 11. Nbd2 Be6 12. Re1 Qd5 13. c3 Rxg7 14. g3 Rd8 15. cxd4 Nxd4 16. Nxd4 Qxd4 17. Ne4 Qxd1 18. Raxd1 Rxd1 19. Rxd1 b6 20. f4 Rg8 21. Kf2 h6 22. Ke3 Rd8 23. Rxd8 Kxd8 24. a3 Ke7 25. Kd4 f5 26. Nd2 c5+ 27. Kc3 b5 28. Nf3 Kd6 29. Ne5 a5 30. Kd2 Kd5 31. h3 b4 32. a4 Ke4 33. Nc6 Bd5 34. Nxa5 Kf3 35. g4 Kxf4 36. gxf5 Kxf5 37. Ke3 Kg5 38. Kf2 Kh4 39. Ke3 Kg3 40. h4 Kxh4 41. Kf4 c3 42. bxc3 b3 43. Nxb3 Bxb3 44. a5 Bc4 45. Ke5 Kg3 46. Kd6 h5 47. Kxc5 Ba6 48. Kb6 Bc4 49. Kc5 Ba6 50. Kb6 Bd3 51. Kc5 h4 52. c4 h3 53. Kd4 Bxc4 54. Kxc4 h2 55. Kb5 h1Q 56. a6 Qa8 57. Ka5 Kf4 58. Kb6 Ke5 59. a7 Kd5 60. Ka6 Kc5 61. Ka5 Qxa7# 0-1

[Event "Titled Tuesday intern op 09th May Late"]
[Site "Chess.com INT"]
[Date "2023.05.09"]
[Round "5"]
[White "Souza, Adwilhans Luciano"]
[Black "Timmermans, Mark"]
[Result "0-1"]
[WhiteElo "2329"]
[BlackElo "2392"]
[PlyCount "100"]
[EventDate "2023.05.09"]
[EventType "swiss (blitz)"]
[EventRounds "11"]
[EventCountry "USA"]
[SourceTitle "CBM 214 Extra"]
[Source "ChessBase"]
[SourceDate "2023.07.31"]
[SourceVersion "1"]
[SourceVersionDate "2023.07.31"]
[SourceQuality "1"]

1. e4 e5 2. Nf3 Nc6 3. Bb5 f5 4. Nc3 fxe4 5. Nxe4 d5 6. Nxe5 dxe4 7. Nxc6 Qg5 8. Qe2 Nf6 9. Ne5+ c6 10. f4 Qxf4 11. d4 Qh4+ 12. g3 Qh3 13. Bc4 Be6 14. Bg5 0-0-0 15. 0-0-0 Bd6 16. a4 Rhe8 17. Nf7 Rd7 18. Nxd6+ Rxd6 19. Bf4 Rd7 20. Bxe6 Qxe6 21. Kb1 Nd5 22. Be5 Qg6 23. Rhe1 e3 24. Qd3 Qxd3 25. Rxd3 b5 26. Kc1 Rf7 27. axb5 cxb5 28. Ra3 Kb7 29. Rb3 Kc6 30. Ra3 Kb6 31. Rb3 Rc8 32. Bd6 a6 33. Bc5+ Kc6 34. Ra3 Kb7 35. Rb3 Kc6 36. Ra3 Ra8 37. b3 b4 38. Ra5 Rb7 39. Kb2 Rb5 40. Raa1 a5 41. Re2 Rb7 42. Rf1 a4 43. bxa4 Rxa4 44. Rf5 Rb8 45. Rxd5 Kxd5 46. Rxe3 Rba8 47. Re5+ Kc4 48. Kc1 Ra1+ 49. Kd2 Rh1 50. Rh5 Ra2 0-1

[Event "Titled Tuesday intern op 14th Feb Late"]
[Site "Chess.com INT"]
[Date "2023.02.14"]
[Round "6"]
[White "Hajiyev, Kanan"]
[Black "Souza, Adwilhans Luciano"]
[Result "1-0"]
[WhiteElo "2183"]
[BlackElo "2285"]
[PlyCount "121"]
[EventDate "2023.02.14"]
[EventType "swiss (blitz)"]
[EventRounds "11"]
[EventCountry "USA"]
[SourceTitle "CBM 212 Extra"]
[Source "ChessBase"]
[SourceDate "2023.03.31"]
[SourceVersion "1"]
[SourceVersionDate "2023.03.31"]
[SourceQuality "1"]

1. d4 d5 2. Nf3 Nf6 3. c4 e6 4. cxd5 exd5 5. Qc2 c6 6. Nc3 Be7 7. Bf4 0-0 8. e3 Nbd7 9. Bd3 Re8 10. 0-0 Nf8 11. Rab1 a5 12. a3 g6 13. b4 axb4 14. axb4 Ne6 15. Bg3 Ng7 16. b5 Bf5 17. bxc6 bxc6 18. Bxf5 Nxf5 19. Na4 Nxg3 20. hxg3 Ra6 21. Ne5 Qa8 22. Nb6 Qb7 23. Nxd5 Qc8 24. Nxe7+ Rxe7 25. Rfc1 Re6 26. Nd3 Rd6 27. Rb3 Kg7 28. Nf4 Qa8 29. Rc3 Ra2 30. Qb3 Ne4 31. R3c2 Rxc2 32. Qxc2 Nf6 33. Qc5 Qb8 34. Qe5 Qd8 35. g4 h6 36. g5 hxg5 37. Qxg5 Qe7 38. Nh5+ Kg8 39. Nxf6+ Qxf6 40. Qxf6 Rxf6 41. g3 Kf8 42. Rc5 Ke7 43. Kg2 Kd7 44. g4 Re6 45. g5 Re8 46. Kf3 Rh8 47. Ke4 Rh4+ 48. f4 Rh3 49. Ra5 Kd6 50. Ra7 Ke6 51. Rc7 f5+ 52. Kd3 Rh1 53. Rxc6+ Kf7 54. Rf6+ Kg7 55. d5 Rd1+ 56. Kc4 Re1 57. Kd4 Rd1+ 58. Kc5 Re1 59. d6 Rxe3 60. d7 Rd3 61. Rd6 1-0

[Event "Titled Tuesday intern op 07th Feb Late"]
[Site "Chess.com INT"]
[Date "2023.02.07"]
[Round "7"]
[White "Veiga, Jose Francisco RP"]
[Black "Souza, Adwilhans Luciano"]
[Result "1/2-1/2"]
[WhiteElo "2398"]
[BlackElo "2285"]
[PlyCount "137"]
[EventDate "2023.02.07"]
[EventType "swiss (blitz)"]
[EventRounds "11"]
[EventCountry "USA"]
[SourceTitle "EXT 2024"]
[Source "ChessBase"]
[SourceDate "2023.10.10"]
[SourceVersion "1"]
[SourceVersionDate "2023.10.10"]
[SourceQuality "1"]

1. e4 c5 2. Nf3 d6 3. Bb5+ Nd7 4. d4 cxd4 5. Nxd4 a6 6. Bd3 e6 7. 0-0 Qc7 8. c4 Ngf6 9. Nc3 Be7 10. b3 0-0 11. Bb2 b6 12. Rc1 Bb7 13. Kh1 Rac8 14. f3 Rfd8 15. Qe2 Qb8 16. Rfd1 Nf8 17. Qe3 Ng6 18. Bf1 Bf8 19. b4 d5 20. cxd5 exd5 21. Nxd5 Nxd5 22. exd5 Bxd5 23. Rxc8 Qxc8 24. a3 b5 25. Rc1 Qd7 26. Qg5 h6 27. Qf5 Qe7 28. Qb1 Qh4 29. Nf5 Qf4 30. Qd3 Ne5 31. Qd4 Qxf5 32. Qxe5 Qxe5 33. Bxe5 Be6 34. Kg1 f6 35. Bf4 Bd6 36. Bxd6 Rxd6 37. Kf2 Rd2+ 38. Ke3 Ra2 39. Rc6 Rxa3+ 40. Kd4 Kf7 41. Bd3 Ra4 42. Kc5 Ra3 43. Be4 f5 44. Rc7+ Kf6 45. Bb7 Ra2 46. f4 g5 47. fxg5+ hxg5 48. h3 a5 49. bxa5 Rxa5 50. Kb4 Ra7 51. Kxb5 Ke5 52. Kb6 Ra2 53. Bf3 Rb2+ 54. Kc5 Rc2+ 55. Kb6 Rxc7 56. Kxc7 Kf4 57. Kd6 Bc4 58. Ke7 Bf1 59. Kf6 g4 60. hxg4 fxg4 61. Bb7 g3 62. Kg6 Ke3 63. Kg5 Kf2 64. Kf4 Bxg2 65. Bc8 Bf1 66. Bb7 Bg2 67. Bc8 Bf3 68. Bh3 Bg2 69. Bc8 1/2-1/2

[Event "Titled Tuesday intern op 31st Jan Late"]
[Site "Chess.com INT"]
[Date "2023.01.31"]
[Round "5"]
[White "Marczuk, Dominik"]
[Black "Souza, Adwilhans Luciano"]
[Result "0-1"]
[WhiteElo "2253"]
[BlackElo "2335"]
[PlyCount "123"]
[EventDate "2023.01.31"]
[EventType "swiss (blitz)"]
[EventRounds "11"]
[EventCountry "USA"]
[SourceTitle "CBM 212 Extra"]
[Source "ChessBase"]
[SourceDate "2023.03.31"]
[SourceVersion "1"]
[SourceVersionDate "2023.03.31"]
[SourceQuality "1"]

1. e4 c5 2. Nf3 d6 3. d4 cxd4 4. Nxd4 Nf6 5. Nc3 e6 6. Be3 Nc6 7. f3 Be7 8. Qd2 h5 9. 0-0-0 a6 10. Kb1 Qc7 11. Be2 Bd7 12. h3 h4 13. Nb3 Rc8 14. Na4 Ne5 15. Nb6 Rd8 16. Rhe1 Bc6 17. Qa5 Ned7 18. Nxd7 Rxd7 19. Bb6 Qc8 20. Nd4 Rh5 21. Qd2 Rh8 22. Qe3 g6 23. Bf1 e5 24. Nb3 Kf8 25. c4 Kg7 26. Rd2 Nh5 27. Red1 Nf4 28. Qc3 f6 29. Na5 Bd8 30. Bxd8 Rhxd8 31. Nxc6 Qxc6 32. c5 dxc5 33. Rxd7+ Rxd7 34. Rxd7+ Qxd7 35. Qxc5 Qd1+ 36. Qc1 Qxc1+ 37. Kxc1 Kf7 38. Kc2 Ke7 39. Kc3 Kd6 40. Kb4 Kc6 41. a4 b6 42. Bxa6 Nxg2 43. Bf1 Nf4 44. Kc4 Ne6 45. Be2 Nd4 46. Bd1 Ne6 47. Be2 Ng5 48. b4 Nxh3 49. a5 bxa5 50. bxa5 Nf4 51. Bf1 h3 52. Bxh3 Nxh3 53. a6 Kb6 54. Kd5 Ng5 55. Kd6 Nxf3 56. Ke6 g5 57. Kf5 Kxa6 58. Kxf6 g4 59. Kf5 g3 60. Kg4 g2 61. Kxf3 g1Q 62. Ke2 0-1

[Event "Titled Tuesday intern op 31st Jan Late"]
[Site "Chess.com INT"]
[Date "2023.01.31"]
[Round "9"]
[White "Richterova, Natasa"]
[Black "Souza, Adwilhans Luciano"]
[Result "0-1"]
[WhiteElo "2183"]
[BlackElo "2335"]
[PlyCount "124"]
[EventDate "2023.01.31"]
[EventType "swiss (blitz)"]
[EventRounds "11"]
[EventCountry "USA"]
[SourceTitle "CBM 212 Extra"]
[Source "ChessBase"]
[SourceDate "2023.03.31"]
[SourceVersion "1"]
[SourceVersionDate "2023.03.31"]
[SourceQuality "1"]

1. e4 c5 2. Nf3 d6 3. Bb5+ Nd7 4. 0-0 a6 5. Bxd7+ Bxd7 6. d4 e6 7. c3 Nf6 8. Re1 Be7 9. b3 0-0 10. Bb2 Rc8 11. Nbd2 cxd4 12. cxd4 Re8 13. Rc1 Qa5 14. Nc4 Qh5 15. Nb6 Rxc1 16. Qxc1 Bc6 17. d5 exd5 18. Bxf6 gxf6 19. exd5 Bxd5 20. Nxd5 Qxd5 21. Rd1 Qc5 22. Nd4 Bf8 23. Qd2 Re4 24. Nf3 Qf5 25. h3 Qe6 26. Nd4 Qd5 27. Nf3 Qxd2 28. Rxd2 Kg7 29. Nd4 Kg6 30. g4 h5 31. f3 Re1+ 32. Kf2 Rh1 33. Kg2 Ra1 34. Nf5 hxg4 35. hxg4 Kg5 36. Kg3 Rg1+ 37. Kf2 Ra1 38. Ke3 Re1+ 39. Kf2 Ra1 40. Kg2 a5 41. Kg3 b5 42. f4+ Kg6 43. Nxd6 Bxd6 44. Rxd6 Rxa2 45. f5+ Kg7 46. Rb6 b4 47. Rb5 Ra3 48. Kf4 Ra1 49. g5 Rf1+ 50. Kg4 Rg1+ 51. Kf4 fxg5+ 52. Ke5 Re1+ 53. Kd4 Kf6 54. Kc4 Re5 55. Rb6+ Kxf5 56. Rb7 f6 57. Kd4 g4 58. Rg7 Re4+ 59. Kd5 Re3 60. Kc4 Rc3+ 61. Kb5 Rxb3 62. Kxa5 g3 0-1

[Event "Titled Tuesday intern op 31st Jan Late"]
[Site "Chess.com INT"]
[Date "2023.01.31"]
[Round "3"]
[White "Vargas, Mauricio"]
[Black "Souza, Adwilhans Luciano"]
[Result "0-1"]
[WhiteElo "2125"]
[BlackElo "2335"]
[PlyCount "90"]
[EventDate "2023.01.31"]
[EventType "swiss (blitz)"]
[EventRounds "11"]
[EventCountry "USA"]
[SourceTitle "CBM 212 Extra"]
[Source "ChessBase"]
[SourceDate "2023.03.31"]
[SourceVersion "1"]
[SourceVersionDate "2023.03.31"]
[SourceQuality "1"]

1. e4 c5 2. Nc3 e6 3. f4 a6 4. Nf3 d6 5. d3 Nc6 6. g4 g6 7. Bg2 Bg7 8. 0-0 Nge7 9. Ne2 0-0 10. c3 f5 11. gxf5 gxf5 12. Ng3 Kh8 13. Kh1 Rg8 14. Rg1 Qe8 15. Qe1 Bf6 16. Bd2 Bd7 17. Rd1 Qf7 18. h4 h6 19. Bh3 Rg7 20. Rg2 Rag8 21. Kh2 b5 22. Qf2 Rg4 23. Rdg1 b4 24. Kh1 a5 25. Bxg4 fxg4 26. Nh2 Bxh4 27. Qe3 h5 28. f5 Bg5 29. Qe2 exf5 30. exf5 Nxf5 31. Bxg5 Rxg5 32. Rf1 Nxg3+ 33. Rxg3 Rf5 34. Rxf5 Qxf5 35. Qe4 Qxe4+ 36. dxe4 Ne5 37. cxb4 axb4 38. a3 Bc6 39. Re3 bxa3 40. bxa3 Kg7 41. Kg2 Kf6 42. Kg3 Kg5 43. Rb3 h4+ 44. Kg2 Kf4 45. Rb6 Bxe4+ 0-1

[Event "Florianopolis op 9th"]
[Site "Florianopolis"]
[Date "2023.01.24"]
[Round "3"]
[White "Souza dos Santos, Matheus Garcett"]
[Black "Souza, Adwilhans Luciano"]
[Result "1-0"]
[WhiteElo "2041"]
[BlackElo "2335"]
[PlyCount "67"]
[EventDate "2023.01.23"]
[EventType "swiss"]
[EventRounds "10"]
[EventCountry "BRA"]
[SourceTitle "CBM 212 Extra"]
[Source "ChessBase"]
[SourceDate "2023.03.31"]
[SourceVersion "1"]
[SourceVersionDate "2023.03.31"]
[SourceQuality "1"]

1. e4 c5 2. Nf3 d6 3. d4 cxd4 4. Nxd4 Nf6 5. Nc3 a6 6. Nb3 e6 7. g4 h6 8. Be3 Qc7 9. Bg2 Nbd7 10. f4 Rb8 11. Qe2 b5 12. Nd4 Bb7 13. a3 Nb6 14. g5 hxg5 15. fxg5 Nfd7 16. g6 Nf6 17. gxf7+ Kxf7 18. 0-0-0 Nc4 19. Bd2 Qc5 20. Nf3 Bc8 21. Ng5+ Kg8 22. Bh3 Qe5 23. Rhg1 Nxd2 24. Qxd2 b4 25. axb4 Rxb4 26. Qd3 Rh5 27. Qg3 Qxg3 28. Rxg3 Be7 29. Bxe6+ Bxe6 30. Nxe6 Ne8 31. Nd5 Rb7 32. Rf1 Kh7 33. Rf7 Re5 34. Nxe7 1-0

[Event "Titled Tuesday intern op 03rd Jan Late"]
[Site "Chess.com INT"]
[Date "2023.01.03"]
[Round "2"]
[White "Aggelis, Nikolaos"]
[Black "Souza, Adwilhans Luciano"]
[Result "1-0"]
[WhiteElo "2278"]
[BlackElo "2335"]
[PlyCount "85"]
[EventDate "2023.01.03"]
[EventType "swiss (blitz)"]
[EventRounds "11"]
[EventCountry "USA"]
[SourceTitle "EXT 2024"]
[Source "ChessBase"]
[SourceDate "2023.10.10"]
[SourceVersion "1"]
[SourceVersionDate "2023.10.10"]
[SourceQuality "1"]

1. e4 c5 2. Nf3 d6 3. d4 cxd4 4. Nxd4 Nf6 5. f3 a6 6. c4 e6 7. Nc3 Be7 8. Be3 Bd7 9. Be2 0-0 10. 0-0 Nc6 11. Qd2 Rb8 12. Rfc1 Nxd4 13. Bxd4 b5 14. b3 Re8 15. Kh1 h6 16. Rd1 Qc7 17. Rac1 Red8 18. cxb5 axb5 19. Nd5 Nxd5 20. Rxc7 Nxc7 21. Qa5 Ne8 22. Rc1 Ra8 23. Qd2 Bg5 24. f4 Be7 25. Bf3 Rac8 26. Rxc8 Rxc8 27. h3 Bc6 28. Qa5 Bd8 29. Qa6 Bd7 30. Kh2 Kf8 31. a4 bxa4 32. bxa4 f6 33. a5 Ke7 34. Bb6 Nc7 35. Qb7 Na8 36. Bxd8+ Kxd8 37. e5 d5 38. exf6 gxf6 39. a6 Nc7 40. a7 Ra8 41. f5 exf5 42. Bxd5 Nxd5 43. Qxa8+ 1-0

[Event "Titled Tuesday intern op 03rd Jan Late"]
[Site "Chess.com INT"]
[Date "2023.01.03"]
[Round "3"]
[White "Dias, Joao Batista de Sou"]
[Black "Souza, Adwilhans Luciano"]
[Result "1/2-1/2"]
[WhiteElo "1796"]
[BlackElo "2335"]
[PlyCount "163"]
[EventDate "2023.01.03"]
[EventType "swiss (blitz)"]
[EventRounds "11"]
[EventCountry "USA"]
[SourceTitle "EXT 2024"]
[Source "ChessBase"]
[SourceDate "2023.10.10"]
[SourceVersion "1"]
[SourceVersionDate "2023.10.10"]
[SourceQuality "1"]

1. e4 c5 2. Nf3 d6 3. b3 Nf6 4. Nc3 a6 5. Bb2 b5 6. d3 e6 7. h3 Nbd7 8. Be2 Be7 9. 0-0 Bb7 10. Re1 0-0 11. Qd2 Qc7 12. a3 Rad8 13. Nd1 Rfe8 14. Ne3 Nf8 15. Ng4 Nxg4 16. hxg4 d5 17. Be5 Bd6 18. Bxd6 Rxd6 19. e5 Rdd8 20. Qf4 d4 21. Ng5 Ng6 22. Qh2 h6 23. Nf3 f6 24. exf6 Qxh2+ 25. Kxh2 gxf6 26. g3 e5 27. Nh4 Ne7 28. Bf3 Bxf3 29. Nxf3 Nd5 30. Kh3 Rc8 31. Nh4 Ne7 32. Nf5 Nxf5 33. gxf5 c4 34. bxc4 bxc4 35. dxc4 Rxc4 36. Ra2 Rec8 37. Re2 Rc3 38. Kg4 Kg7 39. f4 Kf7 40. fxe5 Rg8+ 41. Kf4 Rcxg3 42. e6+ Ke7 43. Ke4 R8g4+ 44. Kd5 Rf3 45. Re4 Rxf5+ 46. Kxd4 Rxe4+ 47. Kxe4 Kxe6 48. Rb2 Rb5 49. Ra2 f5+ 50. Kf4 Kf6 51. c4 Rc5 52. Rc2 h5 53. Rc3 h4 54. a4 a5 55. Rc2 Rc8 56. c5 Rg8 57. c6 Rc8 58. c7 Ke6 59. Rc5 Kd6 60. Rxa5 Rh8 61. Rb5 Kxc7 62. Kxf5 h3 63. Rb1 h2 64. Rh1 Kb6 65. Kg4 Ka5 66. Kg3 Kxa4 67. Rxh2 Rg8+ 68. Kf3 Kb3 69. Kf4 Kc4 70. Kf5 Kd5 71. Kf6 Rg1 72. Re2 Rf1+ 73. Kg6 Rf3 74. Kg5 Rf1 75. Kg6 Kd4 76. Kg5 Kd3 77. Re8 Kd4 78. Kg4 Rg1+ 79. Kf4 Rf1+ 80. Kg4 Rg1+ 81. Kf4 Rf1+ 82. Kg4 1/2-1/2

[Event "Titled Tuesday intern op 03rd Jan Late"]
[Site "Chess.com INT"]
[Date "2023.01.03"]
[Round "8"]
[White "Eisa Mohmood, Alkhoori"]
[Black "Souza, Adwilhans Luciano"]
[Result "0-1"]
[WhiteElo "1079"]
[BlackElo "2335"]
[PlyCount "92"]
[EventDate "2023.01.03"]
[EventType "swiss (blitz)"]
[EventRounds "11"]
[EventCountry "USA"]
[SourceTitle "EXT 2024"]
[Source "ChessBase"]
[SourceDate "2023.10.10"]
[SourceVersion "1"]
[SourceVersionDate "2023.10.10"]
[SourceQuality "1"]

1. e4 c5 2. Nf3 d6 3. d4 cxd4 4. Nxd4 Nf6 5. Nc3 a6 6. Bg5 e6 7. f4 Be7 8. Qf3 Nbd7 9. 0-0-0 Qc7 10. g4 h6 11. Bxf6 Nxf6 12. h4 Nd7 13. g5 b5 14. g6 Nc5 15. gxf7+ Kxf7 16. f5 Bf6 17. fxe6+ Nxe6 18. e5 dxe5 19. Qxa8 Nxd4 20. Bh3 Bxh3 21. Qxh8 Bf5 22. Rd2 b4 23. Nd5 Qc6 24. Rf1 Qxd5 25. Rxf5 Qh1+ 26. Rd1 Qxh4 27. Rff1 Qe4 28. Qc8 Kg6 29. Rg1+ Kh7 30. Kb1 a5 31. Qc4 a4 32. Qd3 Qxd3 33. Rxd3 h5 34. c3 bxc3 35. bxc3 Ne2 36. Rh1 h4 37. Rh2 Nf4 38. Rdd2 e4 39. Rde2 Nxe2 40. Rxe2 Bxc3 41. Rxe4 Bf6 42. Rxa4 h3 43. Ra3 Kg6 44. Rxh3 Kf5 45. Kc2 g5 46. Kd3 g4 0-1